000 00688nam a2200289Ia 4500
005 20260324144833.0
008 008 260324s9999 xx 000 0 eng d
020 _a9780429449512
037 _aEBOOK
040 _aCRL
040 _beng
040 _cCRL
041 _2eng
041 _aeng
084 _qCRL
100 _aStephen G. Jones
_91220063
245 0 _aWorkers at Play
245 2 _bA Social and Economic History of Leisure, 1918-1939
260 _bTaylor and Francis
260 _c1986
365 _a
365 _b135
856 _uhttp://www.taylorfrancis.com/books/9780429449512
942 _cEBOOK
999 _c1827907
_d1827907